Deutschland nach Buchstabe - J - Statistiken

Allgemein
  • Dieses Quiz wurde 75 mal gespielt
  • Das Durchschnittsergebnis liegt bei 10 aus 20
Antwortstatistiken
Hinweis Antwort % Korrekt
Universitätsstadt in Ostthüringen, Heimat von Carl Zeiss Jena
97%
Stadt in Ostfriesland mit bekannter gleichnamigen Brauerei, die auch das alkoholfreie Fun-Bier braut Jever
96%
Deutsche Pop-Rock-Band der 00er-Jahre (Geile Zeit, Die perfekte Welle) Juli
93%
Bekannter deutscher Fernsehmoderator (u.a. Wer wird Millionär) Günter Jauch
92%
Deutscher Verbündeter im Zweiten Weltkrieg Japan
92%
In Burghausen und Moers finden bedeutende Musikfestivals dieses Genres statt Jazz
88%
Nordseebucht bei Wilhelmshaven in Niedersachsen Jadebusen
74%
Viele berühmte Deutsche wie Heinrich Heine, Marcel Reich-Ranicki oder Moses Mendelssohn gehören dieser Kulturell-Religiösen Gruppe an Judentum
65%
Deutschland grenzt im Norden an diese Halbinsel zwischen Ost- und Nordsee Jütland
61%
Ehemalige Residenzstadt im Westen von NRW mit bekannten Forschungszentrum Jülich
54%
Letzter König des unabhängigen Königreiches Sachsen, dessen Reiterstandbild vor der Dresdner Semperoper steht Johann von Sachsen
46%
Fußballer im Defensiven Mittelfeld, Nationalspieler, spielte für Dresden (92-95), 1860 München (95-98) und Bayern (98-06), WM-Vize 2002 Jens Jeremies
40%
Stadt in Sachsen-Anhalt an der Elbe südlich von Stendal und östlich von Tangermünde Jerichow
26%
Nebenfluss des Neckars durch Ellwangen und Crailsheim Jagst
25%
Halbinsel im Norden von Rügen mit berühmten Kreidefelsen Jasmund
24%
Kaiser des Heiligen Römischen Reiches im 18. Jahrhundert, der in seinen habsburgischen Erblanden die Religionsfreiheit einführte und die Leibeigenschaft abschaffte Joseph II
22%
Historische brandenburgische Stadt im Kreis Teltow-Fläming, Heimat von Tim Kleindienst Jüterbog
19%
Kleiner Ort in Mecklenburg-Vorpommern südlich von Greifswald mit bekanntem "Wasted in J..."-Festival Jarmen
13%
Großes Pop-Festival, welches jährlich im Dortmunder Westfalenpark stattfindet Juicy Beats
10%
Wahrzeichen von Aschaffenburg, ehemalige Residenz der Mainzer Fürstbischöfe Schloss Johannisburg
8%
Keine übereinstimmenden Quizze gefunden
Verteilung der Resultate
Anzahl Personen mit jedem Resultat
Perzentil nach korrekt beantworteten Fragen
Ihre Resultats-Entwicklung
Sie haben dieses Quiz noch nicht gespielt